Feminism in Angela Carter's writing bakalárska práca

Guardado en:
Detalles Bibliográficos
Autor principal: Michalivová, Simona
Autor Corporativo: Fakulta aplikovaných jazykov EU v Bratislave. Katedra interkultúrnej komunikácie
Otros Autores: Pápaiová, Adriana
Formato: Libro
Lenguaje:inglés
Publicado: Bratislava 2014
Etiquetas: Agregar Etiqueta
Sin Etiquetas, Sea el primero en etiquetar este registro!

MARC

LEADER 00000nbm a2200000 4500
001 0186974
005 20170201084632.1
041 0 |a eng 
044 |a SK 
245 1 0 |a Feminism in Angela Carter's writing  |b bakalárska práca  |c Simona Michalivová ; školiteľ: Adriana Pápaiová 
264 1 |a Bratislava  |c 2014 
300 |a 52 s. 
100 1 |a Michalivová, Simona 
700 1 |a Pápaiová, Adriana 
710 2 |a Fakulta aplikovaných jazykov EU v Bratislave. Katedra interkultúrnej komunikácie